000
00501nam a2200133Ia 4500
008
100328s9999 xx 000 0 und d
082
_b
69668
100
_a
वेल्हाळ मोहन.
245
_a
हितोपदेश मनोरंजक कथा.
260
_b
मेहता पब्लिशिंग हाऊस.
630
_a
हितोपदेश मनोरंजक कथा.
730
_a
हितोपदेश मनोरंजक कथा.
942
_c
BOOK
999
_c
555398
_d
555395